<?xml version="1.0" encoding="UTF-8"?>
<record
    xmlns:xsi="http://www.w3.org/2001/XMLSchema-instance"
    xsi:schemaLocation="http://www.loc.gov/MARC21/slim http://www.loc.gov/standards/marcxml/schema/MARC21slim.xsd"
    xmlns="http://www.loc.gov/MARC21/slim">

  <leader>03213cam a2200373 i 4500</leader>
  <controlfield tag="003">SA-RiAUC</controlfield>
  <controlfield tag="005">20250531172337.0</controlfield>
  <controlfield tag="008">250530s1988    sy     f b    000 0 ara c</controlfield>
  <datafield tag="024" ind1="0" ind2=" ">
    <subfield code="a">00000000989537</subfield>
  </datafield>
  <datafield tag="040" ind1=" " ind2=" ">
    <subfield code="a">SA-JeALM</subfield>
    <subfield code="b">ara</subfield>
    <subfield code="c">SA-RiAUC</subfield>
    <subfield code="d">AE-DuMBRL</subfield>
    <subfield code="e">rda</subfield>
  </datafield>
  <datafield tag="043" ind1=" " ind2=" ">
    <subfield code="a">a-jo---</subfield>
  </datafield>
  <datafield tag="082" ind1="0" ind2="4">
    <subfield code="a">346.56803</subfield>
    <subfield code="q">SA-RiAUC</subfield>
  </datafield>
  <datafield tag="090" ind1=" " ind2=" ">
    <subfield code="a">346.56803</subfield>
    <subfield code="b">&#x632; &#x631; &#x642;</subfield>
  </datafield>
  <datafield tag="100" ind1="1" ind2=" ">
    <subfield code="a">&#x627;&#x644;&#x632;&#x631;&#x642;&#x627;&#x60C; &#x645;&#x635;&#x637;&#x641;&#x649; &#x623;&#x62D;&#x645;&#x62F;&#x60C;</subfield>
    <subfield code="d">1904-1999</subfield>
    <subfield code="e">&#x645;&#x624;&#x644;&#x641;.</subfield>
  </datafield>
  <datafield tag="245" ind1="1" ind2="2">
    <subfield code="a">&#x627;&#x644;&#x641;&#x639;&#x644; &#x627;&#x644;&#x636;&#x627;&#x631; &#x648;&#x627;&#x644;&#x636;&#x645;&#x627;&#x646; &#x641;&#x64A;&#x647; :</subfield>
    <subfield code="b">&#x62F;&#x631;&#x627;&#x633;&#x629; &#x648;&#x635;&#x64A;&#x627;&#x63A;&#x629; &#x642;&#x627;&#x646;&#x648;&#x646;&#x64A;&#x629; &#x645;&#x624;&#x635;&#x644;&#x629; &#x639;&#x644;&#x649; &#x646;&#x635;&#x648;&#x635; &#x627;&#x644;&#x634;&#x631;&#x64A;&#x639;&#x629; &#x627;&#x644;&#x625;&#x633;&#x644;&#x627;&#x645;&#x64A;&#x629; &#x648;&#x641;&#x642;&#x647;&#x647;&#x627; &#x627;&#x646;&#x637;&#x644;&#x627;&#x642;&#x627; &#x645;&#x646; &#x646;&#x635;&#x648;&#x635; &#x627;&#x644;&#x642;&#x627;&#x646;&#x648;&#x646; &#x627;&#x644;&#x645;&#x62F;&#x646;&#x64A; &#x627;&#x644;&#x623;&#x631;&#x62F;&#x646;&#x64A; /</subfield>
    <subfield code="c">&#x62A;&#x623;&#x644;&#x64A;&#x641; &#x645;&#x635;&#x637;&#x641;&#x649; &#x623;&#x62D;&#x645;&#x62F; &#x645;&#x62D;&#x645;&#x62F; &#x627;&#x644;&#x632;&#x631;&#x642;&#x627;.</subfield>
  </datafield>
  <datafield tag="250" ind1=" " ind2=" ">
    <subfield code="a">&#x627;&#x644;&#x637;&#x628;&#x639;&#x629; &#x627;&#x644;&#x623;&#x648;&#x644;&#x649;.</subfield>
  </datafield>
  <datafield tag="264" ind1=" " ind2="1">
    <subfield code="a">&#x62F;&#x645;&#x634;&#x642; :</subfield>
    <subfield code="b">&#x62F;&#x627;&#x631; &#x627;&#x644;&#x642;&#x644;&#x645;&#x60C;</subfield>
    <subfield code="c">1988.</subfield>
  </datafield>
  <datafield tag="300" ind1=" " ind2=" ">
    <subfield code="a">271 &#x635;&#x641;&#x62D;&#x629; &#x61B;</subfield>
    <subfield code="c">24 &#xD7; 17 &#x633;&#x645;</subfield>
  </datafield>
  <datafield tag="336" ind1=" " ind2=" ">
    <subfield code="a">&#x646;&#x635;</subfield>
    <subfield code="b">txt</subfield>
    <subfield code="2">rdacontent</subfield>
    <subfield code="3">&#x643;&#x62A;&#x627;&#x628;</subfield>
  </datafield>
  <datafield tag="337" ind1=" " ind2=" ">
    <subfield code="a">&#x628;&#x62F;&#x648;&#x646; &#x648;&#x633;&#x64A;&#x637;</subfield>
    <subfield code="b">n</subfield>
    <subfield code="2">rdamedia</subfield>
  </datafield>
  <datafield tag="338" ind1=" " ind2=" ">
    <subfield code="a">&#x645;&#x62C;&#x644;&#x62F;</subfield>
    <subfield code="b">nc</subfield>
    <subfield code="2">rdacarrier</subfield>
  </datafield>
  <datafield tag="500" ind1=" " ind2=" ">
    <subfield code="a">&#x625;&#x647;&#x62F;&#x627;&#x621; &#x645;&#x646; &#x627;&#x644;&#x645;&#x624;&#x644;&#x641; &#x645;&#x635;&#x637;&#x641;&#x649; &#x623;&#x62D;&#x645;&#x62F; &#x645;&#x62D;&#x645;&#x62F; &#x627;&#x644;&#x632;&#x631;&#x642;&#x627;.</subfield>
  </datafield>
  <datafield tag="504" ind1=" " ind2=" ">
    <subfield code="a">&#x628;&#x628;&#x644;&#x64A;&#x648;&#x62C;&#x631;&#x627;&#x641;&#x64A;&#x629; : &#x635;&#x641;&#x62D;&#x629; 257-271.</subfield>
  </datafield>
  <datafield tag="520" ind1=" " ind2=" ">
    <subfield code="a">&#x64A;&#x62A;&#x646;&#x627;&#x648;&#x644; &#x643;&#x62A;&#x627;&#x628; (&#x627;&#x644;&#x641;&#x639;&#x644; &#x627;&#x644;&#x636;&#x627;&#x631; &#x648;&#x627;&#x644;&#x636;&#x645;&#x627;&#x646; &#x641;&#x64A;&#x647;) &#x648;&#x627;&#x644;&#x630;&#x64A; &#x642;&#x627;&#x645; &#x628;&#x62A;&#x623;&#x644;&#x64A;&#x641;&#x647; &#x645;&#x635;&#x637;&#x641;&#x649; &#x623;&#x62D;&#x645;&#x62F; &#x627;&#x644;&#x632;&#x631;&#x642;&#x627;&#x60C; &#x645;&#x648;&#x636;&#x648;&#x639; (&#x627;&#x644;&#x642;&#x627;&#x646;&#x648;&#x646;) &#x647;&#x630;&#x627; &#x627;&#x644;&#x643;&#x62A;&#x627;&#x628; &#x64A;&#x636;&#x645; &#x62F;&#x631;&#x627;&#x633;&#x629; &#x648;&#x635;&#x64A;&#x627;&#x63A;&#x629; &#x642;&#x627;&#x646;&#x648;&#x646;&#x64A;&#x629; &#x645;&#x624;&#x635;&#x644;&#x629; &#x639;&#x644;&#x649; &#x646;&#x635;&#x648;&#x635; &#x627;&#x644;&#x634;&#x631;&#x64A;&#x639;&#x629; &#x627;&#x644;&#x625;&#x633;&#x644;&#x627;&#x645;&#x64A;&#x629; &#x648;&#x641;&#x642;&#x647;&#x647;&#x627; &#x627;&#x646;&#x637;&#x644;&#x627;&#x642;&#x627; &#x645;&#x646; &#x646;&#x635;&#x648;&#x635; &#x627;&#x644;&#x642;&#x627;&#x646;&#x648;&#x646; &#x627;&#x644;&#x645;&#x62F;&#x646;&#x64A; &#x627;&#x644;&#x623;&#x631;&#x62F;&#x646;&#x64A;&#x60C; &#x645;&#x639; &#x645;&#x646;&#x627;&#x642;&#x634;&#x629; &#x62A;&#x641;&#x635;&#x64A;&#x644;&#x64A;&#x629; &#x644;&#x645;&#x648;&#x627;&#x62F; &#x627;&#x644;&#x642;&#x627;&#x646;&#x648;&#x646; &#x627;&#x644;&#x645;&#x62F;&#x646;&#x64A;&#x60C; &#x647;&#x630;&#x627; &#x625;&#x644;&#x649; &#x62C;&#x627;&#x646;&#x628; &#x635;&#x64A;&#x627;&#x63A;&#x629; &#x646;&#x647;&#x627;&#x626;&#x64A;&#x629; &#x644;&#x646;&#x635;&#x648;&#x635; &#x645;&#x648;&#x627;&#x62F; &#x627;&#x644;&#x646;&#x638;&#x631;&#x64A;&#x629; &#x627;&#x644;&#x639;&#x627;&#x645;&#x629; &#x644;&#x644;&#x627;&#x644;&#x62A;&#x632;&#x627;&#x645;&#x627;&#x62A; &#x643;&#x627;&#x645;&#x644;&#x629; &#x643;&#x645;&#x627; &#x623;&#x642;&#x631;&#x62A;&#x647;&#x627; &#x627;&#x644;&#x644;&#x62C;&#x646;&#x629; &#x627;&#x644;&#x639;&#x627;&#x645;&#x629; &#x644;&#x645;&#x634;&#x631;&#x648;&#x639; &#x642;&#x627;&#x646;&#x648;&#x646; &#x627;&#x644;&#x645;&#x639;&#x627;&#x645;&#x644;&#x627;&#x62A; &#x627;&#x644;&#x645;&#x627;&#x644;&#x64A;&#x629; &#x627;&#x644;&#x645;&#x630;&#x643;&#x648;&#x631; &#x641;&#x64A; &#x62C;&#x627;&#x645;&#x639;&#x629; &#x627;&#x644;&#x62F;&#x648;&#x644; &#x627;&#x644;&#x639;&#x631;&#x628;&#x64A;&#x629; &#x628;&#x62A;&#x648;&#x646;&#x633; &#x633;&#x646;&#x629; 1984&#x645;. &#x627;&#x644;&#x641;&#x639;&#x644; &#x627;&#x644;&#x636;&#x627;&#x631; &#x64A;&#x639;&#x646;&#x64A; &#x643;&#x644; &#x62A;&#x62C;&#x627;&#x648;&#x632; &#x645;&#x646; &#x623;&#x62D;&#x62F; &#x639;&#x644;&#x649; &#x622;&#x62E;&#x631; &#x64A;&#x644;&#x62D;&#x642; &#x628;&#x647; &#x636;&#x631;&#x631;&#x627; &#x641;&#x64A; &#x646;&#x641;&#x633;&#x647; &#x623;&#x648; &#x645;&#x627;&#x644;&#x647; &#x623;&#x648; &#x643;&#x631;&#x627;&#x645;&#x62A;&#x647;&#x60C; &#x648;&#x641;&#x64A; &#x62D;&#x631;&#x64A;&#x62A;&#x647; &#x627;&#x644;&#x645;&#x634;&#x631;&#x648;&#x639;&#x629; &#x648;&#x646;&#x634;&#x627;&#x637;&#x627;&#x62A;&#x647; &#x627;&#x644;&#x62A;&#x64A; &#x644;&#x647; &#x62D;&#x642; &#x645;&#x645;&#x627;&#x631;&#x633;&#x62A;&#x647;&#x627; &#x628;&#x645;&#x62D;&#x636; &#x627;&#x62E;&#x62A;&#x64A;&#x627;&#x631;&#x647;. &#x641;&#x623;&#x64A; &#x639;&#x645;&#x644; &#x623;&#x648; &#x646;&#x634;&#x627;&#x637; &#x645;&#x645;&#x646;&#x648;&#x639;&#x60C; &#x648;&#x623;&#x64A; &#x625;&#x647;&#x645;&#x627;&#x644;&#x60C; &#x645;&#x645;&#x627; &#x64A;&#x639;&#x62A;&#x628;&#x631; &#x628;&#x647; &#x627;&#x644;&#x634;&#x62E;&#x635; &#x645;&#x62E;&#x637;&#x626;&#x627; &#x623;&#x648; &#x645;&#x642;&#x635;&#x631;&#x627;&#x60C; &#x641;&#x625;&#x646;&#x647; &#x625;&#x630;&#x627; &#x62A;&#x631;&#x62A;&#x628; &#x639;&#x644;&#x64A;&#x647; &#x636;&#x631;&#x631; &#x644;&#x63A;&#x64A;&#x631;&#x647; &#x645;&#x646; &#x62C;&#x631;&#x627;&#x621; &#x641;&#x639;&#x644;&#x647; &#x623;&#x648; &#x625;&#x647;&#x645;&#x627;&#x644;&#x647; &#x64A;&#x643;&#x648;&#x646; &#x645;&#x633;&#x624;&#x648;&#x644;&#x627; &#x647;&#x648; &#x628;&#x647; &#x62A;&#x62C;&#x627;&#x647; &#x627;&#x644;&#x645;&#x636;&#x631;&#x648;&#x631;&#x60C; &#x648;&#x62A;&#x62C;&#x628; &#x625;&#x632;&#x627;&#x644;&#x629; &#x636;&#x631;&#x631;&#x647; &#x639;&#x644;&#x649; &#x62D;&#x633;&#x627;&#x628; &#x627;&#x644;&#x641;&#x627;&#x639;&#x644; &#x627;&#x644;&#x645;&#x628;&#x627;&#x634;&#x631; &#x623;&#x648; &#x627;&#x644;&#x645;&#x62A;&#x633;&#x628;&#x628; &#x627;&#x644;&#x645;&#x62E;&#x637;&#x626; &#x623;&#x648; &#x627;&#x644;&#x645;&#x642;&#x635;&#x631;. </subfield>
  </datafield>
  <datafield tag="650" ind1=" " ind2="7">
    <subfield code="a">&#x627;&#x644;&#x645;&#x639;&#x627;&#x645;&#x644;&#x627;&#x62A; (&#x641;&#x642;&#x647; &#x625;&#x633;&#x644;&#x627;&#x645;&#x64A;)</subfield>
    <subfield code="2">aucsh</subfield>
  </datafield>
  <datafield tag="650" ind1=" " ind2="7">
    <subfield code="a">&#x627;&#x644;&#x623;&#x636;&#x631;&#x627;&#x631; (&#x641;&#x642;&#x647; &#x625;&#x633;&#x644;&#x627;&#x645;&#x64A;)</subfield>
    <subfield code="2">aucsh</subfield>
  </datafield>
  <datafield tag="650" ind1=" " ind2="7">
    <subfield code="a">&#x627;&#x644;&#x645;&#x633;&#x626;&#x648;&#x644;&#x64A;&#x629; &#x627;&#x644;&#x645;&#x62F;&#x646;&#x64A;&#x629; (&#x641;&#x642;&#x647; &#x625;&#x633;&#x644;&#x627;&#x645;&#x64A;)</subfield>
    <subfield code="2">aucsh</subfield>
  </datafield>
  <datafield tag="650" ind1=" " ind2="7">
    <subfield code="a">&#x627;&#x644;&#x645;&#x633;&#x626;&#x648;&#x644;&#x64A;&#x629; &#x627;&#x644;&#x645;&#x62F;&#x646;&#x64A;&#x629;</subfield>
    <subfield code="z">&#x627;&#x644;&#x623;&#x631;&#x62F;&#x646;</subfield>
    <subfield code="2">aucsh</subfield>
  </datafield>
  <datafield tag="650" ind1=" " ind2="7">
    <subfield code="a">&#x627;&#x644;&#x623;&#x636;&#x631;&#x627;&#x631;</subfield>
    <subfield code="x">&#x642;&#x648;&#x627;&#x646;&#x64A;&#x646; &#x648;&#x62A;&#x634;&#x631;&#x64A;&#x639;&#x627;&#x62A;</subfield>
    <subfield code="z">&#x627;&#x644;&#x623;&#x631;&#x62F;&#x646;</subfield>
    <subfield code="2">aucsh</subfield>
  </datafield>
  <datafield tag="650" ind1=" " ind2="7">
    <subfield code="a">&#x627;&#x644;&#x642;&#x627;&#x646;&#x648;&#x646; &#x627;&#x644;&#x645;&#x62F;&#x646;&#x64A;</subfield>
    <subfield code="z">&#x627;&#x644;&#x623;&#x631;&#x62F;&#x646;</subfield>
    <subfield code="2">aucsh</subfield>
  </datafield>
  <datafield tag="942" ind1=" " ind2=" ">
    <subfield code="2">ddc</subfield>
    <subfield code="c">BOOK</subfield>
    <subfield code="n">0</subfield>
  </datafield>
  <datafield tag="949" ind1=" " ind2=" ">
    <subfield code="a">SA-JeALM</subfield>
    <subfield code="d">250530</subfield>
    <subfield code="u">mohamedma123</subfield>
    <subfield code="n">1</subfield>
  </datafield>
  <datafield tag="952" ind1=" " ind2=" ">
    <subfield code="0">0</subfield>
    <subfield code="1">0</subfield>
    <subfield code="2">ddc</subfield>
    <subfield code="4">0</subfield>
    <subfield code="7">0</subfield>
    <subfield code="8">gift</subfield>
    <subfield code="a">WAHAB</subfield>
    <subfield code="b">WAHAB</subfield>
    <subfield code="d">2025-05-31</subfield>
    <subfield code="l">0</subfield>
    <subfield code="o">346.56803 &#x632; &#x631; &#x642;</subfield>
    <subfield code="p">000013813</subfield>
    <subfield code="r">2025-05-31 17:24:39</subfield>
    <subfield code="w">2025-05-31</subfield>
    <subfield code="y">BOOK</subfield>
  </datafield>
  <datafield tag="999" ind1=" " ind2=" ">
    <subfield code="c">8586</subfield>
    <subfield code="d">8586</subfield>
  </datafield>
</record>
